Cirkulárna ekonomika ako alternatíva dosiahnutia udržateľnosti módneho odvetvia bakalárska práca

Gespeichert in:
Bibliographische Detailangaben
1. Verfasser: Upohlavová, Simona
Körperschaft: Obchodná fakulta EU. Katedra medzinárodného obchodu
Weitere Verfasser: Pásztorová, Janka, 1960-
Format: Buch
Sprache:Slowakisch
Veröffentlicht: Bratislava 2021
Tags: Tag hinzufügen
Keine Tags, Fügen Sie das erste Tag hinzu!

MARC

LEADER 00000nbm a2200000 4500
001 0275964
005 20220209125045.0
041 0 |a slo 
044 |a SK 
245 1 0 |a Cirkulárna ekonomika ako alternatíva dosiahnutia udržateľnosti módneho odvetvia  |b bakalárska práca  |c Simona Upohlavová ; školiteľ: Janka Pásztorová 
264 1 |a Bratislava  |c 2021 
300 |a 60 s. 
100 1 |a Upohlavová, Simona 
700 1 |a Pásztorová, Janka, 1960- 
710 2 |a Obchodná fakulta EU. Katedra medzinárodného obchodu